000 01187nam a22002897a 4500
003 DO-SdBNP
005 20230615132414.0
007 ta
008 230615b2002 dr a|||| |||| 00| 0 spa d
020 _a 9789993425366, 9993425362
040 _aDO-SdBNP
_bspa
_cBNPHU
_erda
100 1 _aAguino, José Angel,
_983549
_d1967-
_eautor
245 1 0 _aFormulación de un nuevo marco legal para la participación social en la República Dominicana /
_cJosé Angel Aguino ; edición Guadalupe Valdez.
264 _aSanto Domingo :
_bPublisher:Instituto Tecnológico de Santo Domingo :
_bBanco Interamericano de Desarrollo, Santo Domingo,
_c2002.
300 _a xiii, 118 páginas :
_bilustraciones ;
_c28cm.
336 _2rdacontent
_atexto
_btxt
337 _2rdamedia
_asin mediación
_bn
338 _2rdacarrier
_avolumen
_bnc
490 0 _aSociedad civil ;
_v10
490 0 _aDocumentos de trabajo
500 _aPrograma de Fortalecimiento de Organizaciones de la Sociedad Civil
500 _aIncluye datos biográficos del autor en la solapa de la cubierta.
590 _aInventariado, 2023 /LP
700 1 _aValdez, Guadalupe,
_eedición
_914014
910 _aLP.
942 _2ddc
_cLBS1
999 _c53837
_d53837